[Event "SVK-ch Seniors-A"]
[Site "Tatranske Matliare"]
[Date "2010.06.07"]
[Round "2"]
[White "Sajtlava, Igor"]
[Black "Kuma, Rudolf"]
[Result "1-0"]
[WhiteElo "1924"]
[BlackElo "1734"]
[PlyCount "69"]
[EventDate "2010.06.06"]
[EventType "swiss"]
[EventRounds "9"]
[EventCountry "SVK"]
[SourceTitle "EXT 2023"]
[Source "ChessBase"]
[SourceDate "2022.10.05"]
[SourceVersion "1"]
[SourceVersionDate "2022.10.05"]
[SourceQuality "1"]

1. c4 e5 2. Nc3 Nf6 3. Nf3 Nc6 4. e3 d6 5. d4 exd4 6. Nxd4 Nxd4 7. Qxd4 Be7 8. Be2 0-0 9. 0-0 c6 10. b3 c5 11. Qd2 b6 12. Bf3 Rb8 13. Bb2 Bb7 14. Nd5 Nxd5 15. Bxd5 Bf6 16. Rad1 Bxd5 17. Bxf6 Qxf6 18. Qxd5 Rfd8 19. Rd2 Rd7 20. Rfd1 Rbd8 21. h3 Qe6 22. Qf3 h6 23. Rd5 a6 24. Qe2 f6 25. Qb2 Qe4 26. Qa3 a5 27. Qa4 Qc2 28. R1d2 Qc3 29. a3 Kf7 30. Rd1 Ke7 31. Qb5 Rb8 32. Qc6 Rbb7 33. Rxd6 Rdc7 34. Re6+ Kf7 35. Qe8# 1-0